Постановления конкурсных комиссий и характеристики сельсоветов Киевской, Черниговской и Винницкой областей УССР, представляемых ...

Доступно только в Электронных читальных залах Найти на картеНа карте
RUSMARC
00005355nmc2a22003613x 450
0016f4f2d9b-d154-4ad1-8f37-5a00354f01f1
00520260130060620.0
100##$a20251127l1935 k y0rusy50 ca
1010#$arus
$aukr
102##$aRU
105##$aa z |||||
1220#$ad19351231
2001#$aПостановления конкурсных комиссий и характеристики сельсоветов Киевской, Черниговской и Винницкой областей УССР, представляемых к премированию за лучшие показатели в работе
$j1935
215##$a220 листов
$cфот., табл.
$d35,8 х 24,2
251##$cДело
300##$aЛисты: 220 листов, в том числе: литерные номера листов 1а, 11а, 11б, 15а, 15б, 20а, 45а, 66а, 80а, 103а, 126а, 154а, 200а, 200б; пропущенные номера листов 11, 15; 94, 160, 161, 200б (2 шт.), 203, 205 (2 шт.) - фотографии
300##$aДело состоит из 8 папок со сквозной нумерацией
300##$aЧасть текста на украинском языке
300##$aМашинописный и рукописный текст
324##$aВ деле имеются копии отдельных документов
330##$aВходит в раздел описи: Орготдел
461#0$1001796d4672-8a00-4986-b488-6e42273792cc
$12001
$aЦЕНТРАЛЬНЫЙ ИСПОЛНИТЕЛЬНЫЙ КОМИТЕТ СССР (ЦИК СССР).
$1251
$cФонд
$1852
$gР
$j3316
462#0$1001b2b03070-aa26-4135-b154-6f52ec7c8bcd
$12001
$aДела Секретариата Президиума ЦИК Союза ССР за 1935 год
$vД. 713
$1251
$cОпись
$1852
$j28
605##$3DITM\AF\0000002775
$aВласть
$lколлекция
$2acquisition_prlib
607##$aКиевская область (УССР)
607##$aЧерниговская область (УССР)
607##$aВинницкая область (УССР)
6101#$aПостановления
$aКонкурсные комиссии
$aСельские советы
$aПремирование
$aУССР
686##$a67.401.011.12ю1
$cПраво
$2rubbk
686##$a63.3(2)614-332ю1
$cИстория
$2rubbk
801#0$aRU
$bGA_RF
801#1$aRU
$bГлавНИВЦ
$c20251127
$2rusmarc
801#2$aRU
$bПБ им. Б.Н. Ельцина
$c20260130
$gRCR
$2rusmarc
852##$aГА РФ
$j713
937##$d200263154
$hГАРФ
035##$aRuPRLIB51082345
856##$uhttp://readingroom.main.prlib.ru/item.aspx?id_node=n200263154&mode=full
Формат отображения